000 00421nam a2200181Ia 4500
001 2187
005 20260306143823.0
008 260306t2016||||xx |||||||||||||| ||spa||
041 _aESP
082 _a616.01
_bB25
100 _aBarrero Cuevas, Laura,
_eAUT
245 0 _aMicrobiología clínica
260 _c2016
300 _a197 páginas :
_c26 cm.
650 _aGEN
654 _aCCS
942 _cLIB
_dJUS
_fJUS
_2ddc
_n
999 _c2187
_d2187